000 00544nam a2200217 a 4500
999 _c5663
_d5663
001 5663
003 BD-JhCC
005 20171219172025.0
008 171219s1965 e a|||| ||a| 000 0 eng d
035 _a(BD-JhCC) 5663
040 _aBD-JhCC
_dBD-JhCC
041 _aeng
082 _a531
_bMcKAY 1965
100 _aMcKAY, HERBERT
245 _aFUN WOTH MECHANICS /
_cMcKAY, HERBERT
260 _aLONDON :
_bLONDON OXFORD UNIVERSITY PRESS /
_c1965
300 _a165 p .:
_c22 cm .
650 _aMechanics
942 _2ddc
_cBK